[Event "23e tournoi d'automne"]
[Site "Montigny le Bretonneux"]
[Date "2025.10.22"]
[Round "5.19"]
[White "Carbonero, Jean Marc"]
[Black "Derex, Nicolas"]
[Result "0-1"]
[WhiteElo "1399"]
[BlackElo "1654"]
[Annotator "Rivier,Sylvain"]
[PlyCount "38"]
[EventDate "2025.??.??"]
[WhiteTeam "La Dame Noire"]
[BlackTeam "C.E. Fontenay le Fleury "]

{Ouverture anglaise, variante symétrique, système Rubinstein} 1. e4 c5 2. c4
Nc6 3. Nf3 g6 4. Be2 Bg7 5. O-O Nf6 6. Nc3 O-O 7. a3 d6 8. d4 cxd4 9. Nxd4 Bd7
10. Nxc6 Bxc6 11. Bf4 Nxe4 12. Nxe4 Bxe4 13. Bf3 Bxf3 14. Qxf3 Qc7 15. Rab1
Qxc4 16. Qxb7 Qxf4 17. Qxe7 Rfe8 18. Qb7 Qe5 19. Rfe1 Qxe1+ 0-1

[Event "23e tournoi d'automne"]
[Site "Montigny le Bretonneux"]
[Date "2025.10.23"]
[Round "6.1"]
[White "Kham-Nguyen, Mathys"]
[Black "Demetz, Yves"]
[Result "1-0"]
[WhiteElo "1883"]
[BlackElo "1766"]
[Annotator "Rivier,Sylvain"]
[PlyCount "57"]
[EventDate "2025.??.??"]
[WhiteTeam "Cergy Pontoise Echecs"]
[BlackTeam "La Dame Noire"]

{Défense scandinave} 1. e4 d5 2. exd5 Qxd5 3. Nc3 Qd6 4. d4 Nf6 5. Nf3 c6 6.
Ne5 Nbd7 7. Bf4 Nd5 8. Nxd5 Qxd5 9. f3 Nxe5 10. Bxe5 Bf5 11. Be2 f6 12. Bg3 e6
13. O-O Be7 14. c3 O-O 15. Kh1 Kh8 16. Qa4 b5 17. Qa6 Qd7 18. a4 b4 19. Rfe1
Bd6 20. Bxd6 Qxd6 21. Bc4 Rfb8 22. Re2 bxc3 23. bxc3 Rb6 24. Qa5 Rab8 25. Qxa7
Qa3 26. Rae1 Qxc3 27. Bxe6 Bxe6 28. Rxe6 Rb1 29. Qxb8+ 1-0

[Event "23e tournoi d'automne"]
[Site "Montigny le Bretonneux"]
[Date "2025.10.??"]
[Round "6.2"]
[White "Beaufils, Philippe"]
[Black "Fasquelle, Cedric"]
[Result "0-1"]
[WhiteElo "1835"]
[BlackElo "1795"]
[Annotator "Rivier,Sylvain"]
[PlyCount "98"]
[EventDate "2025.??.??"]
[WhiteTeam "GIF-CC2-Echecs"]
[BlackTeam "Saint-Quentin en Yvelines"]

{Défense française, variante d'avance} 1. e4 c5 2. c3 e6 3. d4 d5 4. e5 Nc6
5. Nf3 Qb6 6. Bd3 Bd7 7. O-O Rc8 8. dxc5 Qc7 9. Re1 Bxc5 10. Nbd2 Nge7 11. Nb3
Bb6 12. Nbd4 Bxd4 13. cxd4 Nb4 14. Re2 Nxd3 15. Qxd3 Qb6 16. Qa3 Bb5 17. Re1
Nc6 18. Be3 Na5 19. b3 h6 20. Rac1 Kd7 21. Bd2 Nc6 22. Qd6+ Ke8 23. a4 Bd3 24.
b4 Rd8 25. Qc5 Qxc5 26. Rxc5 a6 27. b5 axb5 28. axb5 Na7 29. b6 Nc6 30. Ra1 Kd7
31. Rc3 Be4 32. Be3 Bxf3 33. gxf3 Ra8 34. Rca3 Rxa3 35. Rxa3 Nb4 36. Rb3 Nc2
37. Kf1 Nxe3+ 38. fxe3 Rc8 39. Ke2 Rc4 40. Kd3 Kc6 41. e4 Ra4 42. exd5+ Kxd5
43. Rb5+ Kc6 44. Rb2 Ra6 45. Ke4 Rxb6 46. Rxb6+ Kxb6 47. d5 exd5+ 48. Kxd5 Kc7
49. f4 Kd7 0-1

[Event "23e tournoi d'automne"]
[Site "Montigny le Bretonneux"]
[Date "2025.10.23"]
[Round "6.3"]
[White "Kunne, Ronald"]
[Black "Marques, Gil"]
[Result "1-0"]
[WhiteElo "1809"]
[BlackElo "1615"]
[Annotator "Rivier,Sylvain"]
[PlyCount "41"]
[EventDate "2025.??.??"]
[WhiteTeam "Club d'Echecs d'Orsay"]
[BlackTeam "C.E. de  Bois-Colombes"]

{Défense française, variante Rubinstein} 1. e4 e6 2. d4 d5 3. Nc3 dxe4 4.
Nxe4 Nd7 5. Nf3 Ngf6 6. Nxf6+ Nxf6 7. g3 c5 8. Bg2 Be7 9. O-O O-O 10. dxc5 Qxd1
11. Rxd1 Bxc5 12. Ne5 Be7 13. Be3 Rd8 14. c4 Kf8 15. Rxd8+ Bxd8 16. Rd1 Be7 17.
b3 Ke8 18. Nc6 Nd7 19. Nxa7 Kd8 20. Nxc8 Rxc8 21. Bxb7 1-0

[Event "23e tournoi d'automne"]
[Site "Montigny le Bretonneux"]
[Date "2025.10.23"]
[Round "6.4"]
[White "Boutant, Jade"]
[Black "Corbeau, Lou"]
[Result "0-1"]
[WhiteElo "1787"]
[BlackElo "1690"]
[Annotator "Rivier,Sylvain"]
[PlyCount "92"]
[EventDate "2025.??.??"]
[WhiteTeam "Le Petit-Roque de Sèvres-Ville d'Avray"]
[BlackTeam "C'Chartres Echecs"]

{Ouverture anglaise, variante Mikenas-Carls} 1. c4 Nf6 2. Nc3 e6 3. e4 d5 4. e5
d4 5. exf6 dxc3 6. fxg7 cxd2+ 7. Qxd2 Qxd2+ 8. Bxd2 Bxg7 9. Rb1 c5 10. Nf3 b6
11. Be2 Bb7 12. b3 Be4 13. Rd1 Nc6 14. O-O Nd4 15. Nxd4 Bxd4 16. Be3 e5 17.
Bxd4 exd4 18. Rfe1 O-O 19. f3 Bg6 20. g4 Rad8 21. Kf2 Rfe8 22. Rd2 Re3 23. h4
h6 24. h5 Bh7 25. Rg1 f6 26. f4 Be4 27. Rg3 Rxg3 28. Kxg3 Re8 29. Bd1 Bc6 30.
Re2 Rxe2 31. Bxe2 Be4 32. Bd1 a6 33. f5 Kf7 34. Kf2 Bb1 35. a3 b5 36. cxb5 axb5
37. Kf3 c4 38. bxc4 bxc4 39. Ke2 c3 40. Bb3+ Ke7 41. a4 d3+ 42. Kd1 d2 43. a5
Be4 44. Ke2 Kd6 45. a6 Kc5 46. Kd1 Bf3+ 0-1

[Event "23e tournoi d'automne"]
[Site "Montigny le Bretonneux"]
[Date "2025.10.??"]
[Round "6.5"]
[White "Forissier, Nicolas"]
[Black "Salagnac, Sowan"]
[Result "1-0"]
[WhiteElo "1887"]
[BlackElo "1744"]
[Annotator "Rivier,Sylvain"]
[PlyCount "33"]
[EventDate "2025.??.??"]
[WhiteTeam "La Dame Noire"]
[BlackTeam "Saint-Quentin en Yvelines"]

{Gambit dame} 1. d4 d5 2. c4 e6 3. Nc3 Nf6 4. Nf3 Be7 5. e3 O-O 6. Bd3 b6 7.
cxd5 exd5 8. O-O Bb7 9. Qc2 Nbd7 10. Ne5 c5 11. b3 Bd6 12. f4 Rc8 13. Nxd7 Nxd7
14. Bxh7+ Kh8 15. Rf3 cxd4 16. exd4 Qh4 17. Bd2 1-0

[Event "23e tournoi d'automne"]
[Site "Montigny le Bretonneux"]
[Date "2025.10.23"]
[Round "6.6"]
[White "Giblin, Martin"]
[Black "Talbi, Ibrahim"]
[Result "1-0"]
[WhiteElo "1843"]
[BlackElo "1688"]
[Annotator "Rivier,Sylvain"]
[PlyCount "47"]
[EventDate "2025.??.??"]
[WhiteTeam "Malakoff et Mat"]
[BlackTeam "La Tour de Mantes"]

{Défense sicilienne, système fermé} 1. e4 c5 2. Ne2 Nc6 3. Nbc3 Nf6 4. f4 d6
5. g3 g6 6. Bg2 Bg7 7. O-O O-O 8. b3 Bd7 9. Bb2 Qb6 10. Kh1 a6 11. Nd5 Nxd5 12.
Bxg7 Ne3 13. dxe3 Kxg7 14. e5 dxe5 15. Qxd7 e6 16. Bxc6 bxc6 17. fxe5 c4 18.
Nd4 Rad8 19. Nxe6+ Kh6 20. Nxd8 Rxd8 21. Qxf7 cxb3 22. Rf4 Qxe3 23. Rh4+ Kg5
24. Qf6# 1-0

[Event "23e tournoi d'automne"]
[Site "Montigny le Bretonneux"]
[Date "2025.10.23"]
[Round "6.7"]
[White "Couradin, Jean-Marie"]
[Black "Pourcel, Nathanael"]
[Result "0-1"]
[WhiteElo "1666"]
[BlackElo "1759"]
[Annotator "Rivier,Sylvain"]
[PlyCount "70"]
[EventDate "2025.??.??"]
[WhiteTeam "La Dame Noire"]
[BlackTeam "Club d'Echecs du Vesinet"]

{Défense française, variante d'avance} 1. e4 e6 2. d4 d5 3. e5 c5 4. c3 Nc6
5. Nf3 Qb6 6. Be2 cxd4 7. cxd4 Nh6 8. Bxh6 Qxb2 9. Nbd2 gxh6 10. O-O Nxd4 11.
Nxd4 Qxd4 12. Nf3 Qxd1 13. Rfxd1 Bd7 14. Rac1 Bc6 15. Nd4 Kd7 16. Rd3 Be7 17.
f4 Rhc8 18. Rh3 Bf8 19. Re3 Bb4 20. Rf3 Ba4 21. Rb1 Bc5 22. Rd3 Rc7 23. Kf1
Bxd4 24. Rxd4 Bc2 25. Bb5+ Ke7 26. Rb2 Bg6 27. Rdd2 Rac8 28. Ba4 b6 29. g4 Rc4
30. f5 Rxa4 31. fxg6 hxg6 32. h3 Re4 33. Re2 Rxe2 34. Kxe2 Rc3 35. h4 Rh3 0-1

[Event "23e tournoi d'automne"]
[Site "Montigny le Bretonneux"]
[Date "2025.10.23"]
[Round "6.8"]
[White "Barthere, Gilles"]
[Black "Conq, Alain"]
[Result "1/2-1/2"]
[WhiteElo "1551"]
[BlackElo "1748"]
[Annotator "Rivier,Sylvain"]
[PlyCount "85"]
[EventDate "2025.??.??"]
[WhiteTeam "CE Le Roi Soleil - Le Chesnay - Versailles"]
[BlackTeam "Echiquier Scéen - Sceaux"]

{Défense sicilienne, variante O'Kelly} 1. e4 c5 2. Nf3 a6 3. d4 cxd4 4. Nxd4
Nf6 5. Nc3 e5 6. Nf3 Bb4 7. Qd3 d5 8. Bd2 O-O 9. Nxd5 Nxd5 10. Qxd5 Bxd2+ 11.
Qxd2 Qxd2+ 12. Nxd2 Nc6 13. O-O-O Be6 14. Bc4 Bxc4 15. Nxc4 b5 16. Nb6 Rad8 17.
Nd7 Rfe8 18. Rd2 Nd4 19. Nc5 a5 20. Rhd1 Nc6 21. Nd7 Nd4 22. Nxe5 Ne2+ 23. Rxe2
Rxd1+ 24. Kxd1 Rxe5 25. f4 Rc5 26. Rd2 Kf8 27. g3 Ke7 28. e5 h5 29. h4 b4 30.
Rd6 f6 31. Rd2 fxe5 32. Re2 Rd5+ 33. Rd2 Rxd2+ 34. Kxd2 exf4 35. gxf4 Kd6 36.
b3 Ke6 37. c4 bxc3+ 38. Kxc3 Kf5 39. b4 axb4+ 40. Kxb4 Kxf4 41. a4 g5 42. hxg5
h4 43. g6 1/2-1/2

[Event "23e tournoi d'automne"]
[Site "Montigny le Bretonneux"]
[Date "2025.10.23"]
[Round "6.9"]
[White "Meddour, Ithri"]
[Black "Plantet, Marc"]
[Result "0-1"]
[WhiteElo "1619"]
[BlackElo "1826"]
[Annotator "Rivier,Sylvain"]
[PlyCount "142"]
[EventDate "2025.??.??"]
[WhiteTeam "Saint-Quentin en Yvelines"]
[BlackTeam "La Dame Noire"]

{Défense sicilienne, variante Rossolimo} 1. e4 c5 2. Nf3 Nc6 3. g3 e5 4. c4
Nf6 5. Nc3 Be7 6. Bg2 d6 7. d3 Be6 8. Nd5 Qd7 9. a3 O-O 10. Bg5 Ne8 11. O-O f6
12. Bd2 f5 13. Ng5 Bxg5 14. Bxg5 f4 15. gxf4 Bg4 16. f3 Bh3 17. f5 Bxg2 18.
Kxg2 Nd4 19. Be3 Nf6 20. Bxd4 Nxd5 21. cxd5 exd4 22. Qd2 Qe7 23. f4 a5 24. b4
a4 25. Rf3 Rae8 26. Qa2 Kh8 27. Qc4 Qd7 28. bxc5 dxc5 29. Qxc5 Rc8 30. Qxd4 Qb5
31. Qb4 Qa6 32. Rc1 b5 33. d4 Rfd8 34. Rfc3 Rxc3 35. Rxc3 h6 36. Rc6 Qb7 37.
Re6 Rc8 38. f6 Qf7 39. Qd2 gxf6 40. Kh1 Rg8 41. f5 Qg7 42. Qf2 Qg5 43. h4 Qc1+
44. Kh2 Rc8 45. Rc6 Rxc6 46. dxc6 Qxc6 47. Qf4 Qc2+ 48. Kh3 Qd3+ 49. Kg2 Qc2+
50. Kf3 Qd1+ 51. Kg3 Qe1+ 52. Kg4 Qe2+ 53. Kg3 Qd3+ 54. Kg4 Qd1+ 55. Kg3 Qb3+
56. Kg4 Kg7 57. Qc7+ Qf7 58. Qc5 h5+ 59. Kf4 Qb3 60. e5 fxe5+ 61. Qxe5+ Kf7 62.
Qc7+ Kf6 63. Qd6+ Kg7 64. Qe7+ Qf7 65. f6+ Kg6 66. Qe4+ Kxf6 67. d5 Qc7+ 68.
Kf3 Qc3+ 69. Kf4 Qc1+ 70. Qe3 Qxe3+ 71. Kxe3 b4 0-1

[Event "23e tournoi d'automne"]
[Site "Montigny le Bretonneux"]
[Date "2025.10.23"]
[Round "6.10"]
[White "Duget, Long Jc"]
[Black "Warin, Anouk"]
[Result "0-1"]
[WhiteElo "1707"]
[BlackElo "1590"]
[Annotator "Rivier,Sylvain"]
[PlyCount "34"]
[EventDate "2025.??.??"]
[WhiteTeam "C.E. Fontenay le Fleury Les Fous Furieux"]
[BlackTeam "C.E. Fontenay le Fleury "]

{Défense Petroff} 1. e4 e5 2. Nf3 Nf6 3. Nxe5 d6 4. Nf3 Nxe4 5. d4 d5 6. Bd3
Bd6 7. O-O O-O 8. Re1 Bg4 9. c4 Bb4 10. Nbd2 Bxf3 11. gxf3 Qg5+ 12. Kf1 Nxd2+
13. Bxd2 Bxd2 14. Re5 Qh6 15. f4 Qh3+ 16. Ke2 Bxf4 17. Bf5 Qh5+ 0-1

[Event "23e tournoi d'automne"]
[Site "Montigny le Bretonneux"]
[Date "2025.10.23"]
[Round "6.11"]
[White "Mourgues, Joelle"]
[Black "Longbien, Dominique"]
[Result "1-0"]
[WhiteElo "1686"]
[BlackElo "1625"]
[Annotator "Rivier,Sylvain"]
[PlyCount "60"]
[EventDate "2025.??.??"]
[WhiteTeam "Saint-Quentin en Yvelines"]
[BlackTeam "La Dame Noire"]

{Début Réti} 1. Nf3 e6 2. g3 d5 3. d3 Nf6 4. Bg2 b6 5. c3 Bb7 6. O-O Be7 7.
Nbd2 O-O 8. Qc2 Nbd7 9. a4 c5 10. e4 Qc7 11. Re1 Ne5 12. Nxe5 Qxe5 13. f4 Qc7
14. Nf1 c4 15. exd5 Bxd5 16. d4 a6 17. Qe2 Bxg2 18. Qxg2 Qd8 19. Kh1 b5 20. Ne3
b4 21. Bd2 bxc3 22. Bxc3 Qc7 23. Qe2 Rfc8 24. f5 Ne4 25. fxe6 Nxc3 26. exf7+
Kxf7 27. bxc3 Bf6 28. Qf3 Qa5 29. Nxc4 Rxc4 30. Qxa8 Qxc3 1-0

[Event "23e tournoi d'automne"]
[Site "Montigny le Bretonneux"]
[Date "2025.10.23"]
[Round "6.12"]
[White "Chakour, Samir"]
[Black "Gazay, Didier"]
[Result "0-1"]
[WhiteElo "1399"]
[BlackElo "1730"]
[Annotator "Rivier,Sylvain"]
[PlyCount "156"]
[EventDate "2025.??.??"]
[WhiteTeam "Saint-Quentin en Yvelines"]
[BlackTeam "Echiquier Scéen - Sceaux"]

{Début Réti, attaque est-indienne} 1. Nf3 c5 2. g3 Nc6 3. Bg2 g6 4. O-O Bg7
5. d3 d5 6. Nbd2 Qc7 7. e4 d4 8. c3 dxc3 9. bxc3 Bxc3 10. Rb1 Bg7 11. Bb2 e5
12. a4 Nge7 13. Nc4 b6 14. Re1 O-O 15. Qb3 h6 16. Bc3 Be6 17. Qc2 Rab8 18. Ne3
Rfc8 19. Rec1 Qd8 20. Qe2 Nd4 21. Bxd4 cxd4 22. Nc4 f6 23. Na3 Nc6 24. Qd2 g5
25. Qe1 Na5 26. Nd2 Bf8 27. Nc2 Qd7 28. Nb4 Rxc1 29. Qxc1 Rc8 30. Qd1 Bxb4 31.
Rxb4 Rc5 32. Rb1 Qc6 33. Qh5 Kg7 34. Bh3 Bxh3 35. Qxh3 Rc1+ 36. Rxc1 Qxc1+ 37.
Nf1 Qc7 38. Kg2 Qf7 39. Nd2 Nc6 40. Nc4 Nb4 41. Nd6 Qf8 42. Qd7+ Kh8 43. Nc8
Nxd3 44. Nxa7 Nc5 45. Qb5 Qd6 46. Nc8 Qd8 47. Nxb6 d3 48. Nd5 d2 49. Qe2 Nxe4
50. Ne3 Qd7 51. Nd1 Qd4 52. a5 Nc3 53. Qf1 Nxd1 54. Qxd1 Qd5+ 55. Kf1 Qxa5 56.
Ke2 Qb5+ 57. Kxd2 Qd5+ 58. Ke2 Qe4+ 59. Kd2 Kg7 60. f3 Qd4+ 61. Ke2 Qb2+ 62.
Qd2 Qxd2+ 63. Kxd2 f5 64. g4 f4 65. Kd3 Kf6 66. Ke4 Ke6 67. h3 Kd6 68. Kf5 Kd5
69. Kg6 e4 70. fxe4+ Kxe4 71. Kxh6 f3 72. Kxg5 f2 73. h4 f1=Q 74. Kg6 Qf8 75.
g5 Qg8+ 76. Kf6 Qh8+ 77. Kf7 Qh7+ 78. Kf8 Qg6 0-1

[Event "23e tournoi d'automne"]
[Site "Montigny le Bretonneux"]
[Date "2025.10.23"]
[Round "6.13"]
[White "Le Yaouanq, Gerard"]
[Black "Archet, Jean-Claude"]
[Result "0-1"]
[WhiteElo "1567"]
[BlackElo "1554"]
[Annotator "Rivier,Sylvain"]
[PlyCount "100"]
[EventDate "2025.??.??"]
[WhiteTeam "Saint-Quentin en Yvelines"]
[BlackTeam "Club 608 d'Echecs Paris"]

{Ouverture anglaise, défense Caro-Kann} 1. c4 c6 2. Qc2 d5 3. e3 e5 4. a3 Nf6
5. d3 Bf5 6. Nd2 Bd6 7. h3 h6 8. b3 O-O 9. Bb2 Nbd7 10. Ne2 Re8 11. Rd1 Rc8 12.
g3 Nc5 13. Nc1 b5 14. b4 Ncd7 15. c5 Bc7 16. Bg2 a5 17. Ne2 axb4 18. axb4 Ra8
19. O-O Ra4 20. Qb3 Qe7 21. Ra1 Rea8 22. Rfc1 Be6 23. d4 e4 24. Nc3 R4a7 25.
Rxa7 Rxa7 26. Ra1 Rxa1+ 27. Bxa1 Nf8 28. Qa2 Qd7 29. Kh2 N6h7 30. Ne2 Qe7 31.
f4 exf3 32. Nxf3 Bd7 33. Qa3 g5 34. Ne5 Be8 35. Bb2 f6 36. Ng4 h5 37. Nf2 f5
38. Qd3 Bd7 39. Qd2 Ng6 40. Bc1 h4 41. Nh1 Nf6 42. Qe1 hxg3+ 43. Nexg3 f4 44.
Kg1 fxg3 45. Nxg3 Nh4 46. Nf1 Nxg2 47. Kxg2 Qe6 48. h4 Qh3+ 49. Kf2 gxh4 50.
Ke2 Bg4+ 0-1

[Event "23e tournoi d'automne"]
[Site "Montigny le Bretonneux"]
[Date "2025.10.23"]
[Round "6.14"]
[White "Martinez, Alberto"]
[Black "Montay, Jean-Paul"]
[Result "1-0"]
[WhiteElo "1527"]
[BlackElo "1549"]
[Annotator "Rivier,Sylvain"]
[PlyCount "93"]
[EventDate "2025.??.??"]
[WhiteTeam "Le Petit-Roque de Sèvres-Ville d'Avray"]
[BlackTeam "La Dame Noire"]

{Défense moderne} 1. e4 g6 2. d4 Bg7 3. Nc3 d6 4. Be3 a6 5. h3 Nd7 6. Nf3 b5
7. a3 Bb7 8. Qd2 h6 9. Bd3 e5 10. O-O Ngf6 11. b4 Rc8 12. Rfe1 exd4 13. Bxd4
O-O 14. Be3 Kh7 15. Nh2 Ne5 16. f3 Nxd3 17. cxd3 c5 18. Rad1 cxb4 19. axb4 Ng8
20. d4 Re8 21. Ne2 Qc7 22. Rc1 Qd7 23. Rxc8 Rxc8 24. Rc1 h5 25. Rxc8 Qxc8 26.
Qc1 Qxc1+ 27. Bxc1 Ne7 28. Bd2 f5 29. d5 Nc8 30. Kf2 Nb6 31. Bc3 Bf8 32. Nf4
fxe4 33. fxe4 Nc4 34. Nf3 Bh6 35. g3 g5 36. Nxh5 Kg6 37. g4 Bf8 38. Ke2 Be7 39.
Ng3 Bd8 40. Nf5 a5 41. bxa5 Bc7 42. Nd2 Ba6 43. Nxc4 bxc4 44. Kd2 Bb5 45. Bb4
Ba6 46. Nxd6 Kf6 47. Ne8+ 1-0

[Event "23e tournoi d'automne"]
[Site "Montigny le Bretonneux"]
[Date "2025.10.23"]
[Round "6.15"]
[White "Derex, Nicolas"]
[Black "Jusselin, Benoit"]
[Result "0-1"]
[WhiteElo "1654"]
[BlackElo "1627"]
[Annotator "Rivier,Sylvain"]
[PlyCount "49"]
[EventDate "2025.??.??"]
[WhiteTeam "C.E. Fontenay le Fleury Les Fous Furieux"]
[BlackTeam "La Diagonale - Eybens"]

{Ouverture du pion dame} 1. d4 b6 2. c4 e6 3. e4 Bb7 4. Bd3 f5 5. Qc2 Nf6 6.
Bg5 h6 7. Bxf6 Qxf6 8. Nf3 Nc6 9. O-O Nb4 10. Qe2 Nxd3 11. e5 Nf4 12. Qd2 Nh3+
13. Kh1 Qe7 14. Qe3 Ng5 15. Nh4 Qf7 16. Nc3 a6 17. Ne2 Qh5 18. Nf4 Qxh4 19. Ng6
Qh5 20. Nxh8 O-O-O 21. f4 Ne4 22. Qf3 Qe8 23. Qd3 Be7 24. d5 Qxh8 25. Rac1 0-1

[Event "23e tournoi d'automne"]
[Site "Montigny le Bretonneux"]
[Date "2025.10.23"]
[Round "6.16"]
[White "Gasq, Eliott"]
[Black "Bouloc, Roger"]
[Result "1-0"]
[WhiteElo "1508"]
[BlackElo "1414"]
[Annotator "Rivier,Sylvain"]
[PlyCount "95"]
[EventDate "2025.??.??"]
[WhiteTeam "La Dame Noire"]
[BlackTeam "La Dame Noire"]

{Gambit dame} 1. d4 d5 2. c4 e6 3. Nc3 Nf6 4. Nf3 Be7 5. Bf4 c6 6. e3 O-O 7.
Bd3 h6 8. Qd2 Nbd7 9. e4 dxe4 10. Nxe4 a5 11. a3 Re8 12. Nd6 Bxd6 13. Bxd6 Nf8
14. c5 b6 15. Ne5 Bb7 16. b4 axb4 17. Qxb4 Nd5 18. Qb3 b5 19. O-O Nd7 20. a4
Nxe5 21. dxe5 b4 22. Be4 Qh4 23. Bxd5 exd5 24. Rfb1 Ba6 25. Qxb4 Qxb4 26. Rxb4
Bc4 27. f4 g6 28. Kf2 Kg7 29. Re1 h5 30. Kf3 Kh6 31. h4 Bd3 32. Ra1 Bb5 33.
axb5 Rxa1 34. b6 Ra3+ 35. Kf2 Ra2+ 36. Kg3 Raa8 37. b7 Rab8 38. Bxb8 Rxb8 39.
Kf3 Kg7 40. g4 Kf8 41. gxh5 gxh5 42. f5 Ke7 43. Kf4 f6 44. Rb6 d4 45. exf6+
Kxf6 46. Rxc6+ Ke7 47. Re6+ Kf7 48. c6 1-0

[Event "23e tournoi d'automne"]
[Site "Montigny le Bretonneux"]
[Date "2025.10.23"]
[Round "6.17"]
[White "Demeocq, Agathe"]
[Black "Carbonero, Jean Marc"]
[Result "0-1"]
[WhiteElo "1299"]
[BlackElo "1399"]
[Annotator "Rivier,Sylvain"]
[PlyCount "112"]
[EventDate "2025.??.??"]
[WhiteTeam "Geneston Sud Loire échecs"]
[BlackTeam "La Dame Noire"]

{Partie italienne} 1. e4 e5 2. Nf3 Nc6 3. Bc4 h6 4. O-O d6 5. h3 Be7 6. Nc3 Nf6
7. b3 O-O 8. Bb2 a6 9. a4 Nd4 10. Na2 Nxe4 11. Bxd4 exd4 12. Nxd4 d5 13. Bd3
Nc5 14. Bf5 Bxf5 15. Nxf5 Bf6 16. Rb1 Qd7 17. Qg4 Rfe8 18. Nxh6+ Kh7 19. Nf5 g6
20. Ne3 Qxg4 21. Nxg4 Bg5 22. d4 Nd7 23. Nc3 c6 24. Rfe1 Rxe1+ 25. Rxe1 Bd2 26.
Re2 Bxc3 27. Re7 Rd8 28. Rxf7+ Kg8 29. Nh6+ Kh8 30. Rf4 Rf8 31. Rg4 Kh7 32. Rh4
Kg7 33. Ng4 Bxd4 34. g3 b5 35. Kf1 Nf6 36. Nxf6 Bxf6 37. Rf4 g5 38. Rg4 Kg6 39.
h4 Kh5 40. Kg2 Kxg4 41. f3+ Kh5 42. Kh3 gxh4 43. g4+ Kh6 44. f4 Bd4 45. g5+ Kg7
46. Kxh4 Rxf4+ 47. Kh5 Bb6 48. g6 Rf2 49. c4 bxc4 50. bxc4 dxc4 51. Kg4 c3 52.
Kg3 Rf6 53. Kg4 c2 54. Kg5 Rxg6+ 55. Kh5 c1=Q 56. Kh4 Qh1# 0-1

[Event "23e tournoi d'automne"]
[Site "Montigny le Bretonneux"]
[Date "2025.10.23"]
[Round "6.18"]
[White "Garabedian, Christophe"]
[Black "Ben Abdallah, Mohammed"]
[Result "1-0"]
[WhiteElo "1399"]
[BlackElo "1299"]
[Annotator "Rivier,Sylvain"]
[PlyCount "71"]
[EventDate "2025.??.??"]
[WhiteTeam "La Dame Noire"]
[BlackTeam "La Dame Noire"]

{Partie du pion dame} 1. d4 d5 2. Bf4 Nc6 3. Nc3 Nf6 4. Nb5 Bf5 5. Nxc7+ Kd7 6.
Nxa8 Qxa8 7. e3 a6 8. Bd3 Bxd3 9. Qxd3 e6 10. Nf3 Be7 11. Ne5+ Ke8 12. O-O Nxe5
13. Bxe5 b5 14. Rfe1 Kd7 15. Rac1 Rc8 16. c3 h6 17. Rc2 Ke8 18. f4 Kf8 19. Rf2
Ne4 20. Rf3 f6 21. Bxf6 gxf6 22. f5 e5 23. dxe5 fxe5 24. Rh3 Qc6 25. Rf1 Kf7
26. Qd1 Bg5 27. Qh5+ Kf6 28. Rhf3 Nd2 29. h4 Nxf1 30. hxg5+ hxg5 31. Qh6+ Kf7
32. Qh7+ Kf6 33. Qg6+ Ke7 34. f6+ Kf8 35. Qg7+ Ke8 36. Qe7# 1-0

[Event "23e tournoi d'automne"]
[Site "Montigny le Bretonneux"]
[Date "2025.10.24"]
[Round "7.1"]
[White "Fasquelle, Cedric"]
[Black "Kham-Nguyen, Mathys"]
[Result "0-1"]
[WhiteElo "1795"]
[BlackElo "1883"]
[Annotator "Rivier,Sylvain"]
[PlyCount "72"]
[EventDate "2025.??.??"]
[WhiteTeam "Saint-Quentin en Yvelines"]
[BlackTeam "Cergy Pontoise Echecs"]

{Défense moderne} 1. e4 g6 2. d4 Bg7 3. Nc3 d6 4. f4 a6 5. Nf3 b5 6. Bd3 Bb7
7. Be3 Nd7 8. e5 e6 9. g4 dxe5 10. fxe5 Ne7 11. Rf1 h6 12. Qd2 Nd5 13. Nxd5
Bxd5 14. g5 h5 15. Nh4 O-O 16. O-O-O c5 17. Rf6 cxd4 18. Bf4 Nc5 19. Bxg6 fxg6
20. Kb1 Bxf6 21. gxf6 Be4 22. Bh6 Kf7 23. Rg1 Rg8 24. Bg7 Rxg7 25. fxg7 Qxh4
26. Qh6 Rg8 27. Rf1+ Bf5 28. Qd2 Kxg7 29. Qa5 Rc8 30. Qb6 Bxc2+ 31. Ka1 Qe7 32.
Rf2 Bf5 33. a3 Na4 34. Qxa6 Rc1+ 35. Ka2 Bb1+ 36. Kb3 Nc5+ 0-1

[Event "23e tournoi d'automne"]
[Site "Montigny le Bretonneux"]
[Date "2025.10.24"]
[Round "7.2"]
[White "Corbeau, Lou"]
[Black "Kunne, Ronald"]
[Result "0-1"]
[WhiteElo "1690"]
[BlackElo "1809"]
[Annotator "Rivier,Sylvain"]
[PlyCount "48"]
[EventDate "2025.??.??"]
[WhiteTeam "C'Chartres Echecs"]
[BlackTeam "Club d'Echecs d'Orsay"]

{Ouverture catalane, variante fermée} 1. d4 d5 2. c4 e6 3. Nf3 Nf6 4. g3 Bd6
5. Bg2 Nc6 6. O-O O-O 7. Nc3 dxc4 8. Qa4 e5 9. dxe5 Nxe5 10. Nxe5 Bxe5 11. Rd1
Qe7 12. Qxc4 c6 13. Bg5 h6 14. Bxf6 Qxf6 15. Ne4 Qe7 16. Rd2 Be6 17. Qc5 Qc7
18. f4 Bf6 19. Nxf6+ gxf6 20. Qh5 Kg7 21. f5 Qe5 22. e4 Rad8 23. Rxd8 Rxd8 24.
fxe6 Qxh5 0-1

[Event "23e tournoi d'automne"]
[Site "Montigny le Bretonneux"]
[Date "2025.10.24"]
[Round "7.3"]
[White "Pourcel, Nathanael"]
[Black "Forissier, Nicolas"]
[Result "1-0"]
[WhiteElo "1759"]
[BlackElo "1887"]
[Annotator "Rivier,Sylvain"]
[PlyCount "101"]
[EventDate "2025.??.??"]
[WhiteTeam "Club d'Echecs du Vesinet"]
[BlackTeam "La Dame Noire"]

{Gambit dame, variante d'échange} 1. d4 d5 2. c4 e6 3. Nc3 Nf6 4. cxd5 exd5 5.
Bg5 Be7 6. e3 O-O 7. Bd3 c6 8. Qc2 h6 9. Bh4 Be6 10. Nge2 Nbd7 11. O-O Nh5 12.
Bxe7 Qxe7 13. f3 Nb6 14. Rad1 Rae8 15. Rfe1 Qg5 16. Nc1 Bc8 17. Qf2 f5 18. b3
Bd7 19. Bf1 Nc8 20. Nd3 Nd6 21. Ne5 Bc8 22. Bd3 Nf7 23. f4 Qf6 24. Be2 Nxe5 25.
dxe5 Qf7 26. Qh4 g6 27. Bxh5 gxh5 28. Ne2 Qg6 29. Ng3 Qg4 30. Qxh5 Kh7 31. Qxg4
fxg4 32. Nh5 Kg6 33. Nf6 Rd8 34. Kf2 Kf7 35. Kg3 Be6 36. h3 gxh3 37. Kf2 Kg7
38. g4 Bc8 39. f5 Kf7 40. Kg3 Rh8 41. Kf4 Ke7 42. Rh1 b6 43. Rd2 Kf7 44. Rhd1
Bb7 45. e4 c5 46. exd5 Ba6 47. Ne4 Bb7 48. e6+ Ke8 49. Ke5 Kf8 50. e7+ Ke8 51.
Nf6+ 1-0

[Event "23e tournoi d'automne"]
[Site "Montigny le Bretonneux"]
[Date "2025.10.24"]
[Round "7.4"]
[White "Demetz, Yves"]
[Black "Giblin, Martin"]
[Result "1/2-1/2"]
[WhiteElo "1766"]
[BlackElo "1843"]
[Annotator "Rivier,Sylvain"]
[PlyCount "37"]
[EventDate "2025.??.??"]
[WhiteTeam "La Dame Noire"]
[BlackTeam "Malakoff et Mat"]

{Défense Alekhine, variante de chasse} 1. e4 Nf6 2. e5 Nd5 3. Nc3 Nxc3 4. dxc3
Nc6 5. f4 d6 6. Nf3 Bg4 7. Bb5 a6 8. Bxc6+ bxc6 9. O-O g6 10. h3 Bxf3 11. Qxf3
Qd7 12. f5 gxf5 13. exd6 cxd6 14. Qh5 e6 15. Bg5 Be7 16. Rae1 Bxg5 17. Qxg5 Qe7
18. Qg7 Kd7 19. Rxf5 1/2-1/2